Calculus with analytic geometry : Obs. Part I.: 1 - 256 s.. Part II.: 257 - 515 s.. Part III.: 516 - 764 s.. Part IV.: 765 - 993 s /

Guardado en:
Detalles Bibliográficos
Autores principales: Ellis, Robert (Autor), Gulick, Denny (Autor)
Formato: Libro
Lenguaje:inglés
Publicado: New York : Harcourt Brace Jovanovich, 1978
Etiquetas: Agregar Etiqueta
Sin Etiquetas, Sea el primero en etiquetar este registro!

MARC

LEADER 00000nam a22000003a 4500
001 stu115
005 20150617225621.9
008 910522s1978----xxu-----------------eng-d
020 |a 0-15-505728-6 
040 |a STU  |b slo 
041 0 |a eng 
044 |a xxu 
080 |a 510.6 
080 |a 514.12 
100 1 |a Ellis, Robert  |4 aut 
245 1 |a Calculus with analytic geometry :  |b Obs. Part I.: 1 - 256 s.. Part II.: 257 - 515 s.. Part III.: 516 - 764 s.. Part IV.: 765 - 993 s /  |c [aut.] Ellis,Robert; Gulick,Denny 
260 |a New York :  |b Harcourt Brace Jovanovich,  |c 1978 
300 |a 993 s 
700 1 |a Gulick, Denny  |4 aut 
996 |b E74551  |c E*74551  |l EE03  |s P  |a 0  |w stu115_0001 
996 |b E74552  |c E*74552  |l EE03  |s P  |a 0  |w stu115_0002 
996 |b E74553  |c E*74553  |l EE03  |s P  |a 0  |w stu115_0003 
996 |b E74554  |c E*74554  |l EE03  |s P  |a 0  |w stu115_0004